00390cam a22001217a 4500008004000000082001600040100002100056245010400077260002800181300001000209650003100219700001800250180718b1968 xxu||||| |||| 00| 0 eng d aR95x42 M199 aMcKenzie, Robert aAngles in marble: working class conservatives in urban Englandcby Robert McKenzie and Allan Silver aLondonbHeinemannc1968 a295p. aLabour and Politics - U.K. aSilver, Allen